Top Song Every Year by Letter - B - Statistics

General Stats
  • This quiz has been taken 68 times
    18 since last reset
  • The average score is 22 of 68
Answer Stats
Year # Artist Song % Correct
1987 59 Michael Jackson Bad
100%
1960 27 Dinah Washington & Brook Benton Baby (You've Got What It Takes)
94%
1983 2 Michael Jackson Billie Jean
81%
1976 18 Queen Bohemian Rhapsody
75%
1968 31 Steppenwolf Born to Be Wild
75%
1970 1 Simon & Garfunkel Bridge Over Troubled Water
69%
1999 1 Cher Believe
63%
1981 1 Kim Carnes Bette Davis Eyes
63%
2013 2 Robin Thicke ft. T.I. and Pharrell Williams Blurred Lines
63%
1986 5 Mr. Mister Broken Wings
63%
1991 10 Amy Grant Baby Baby
56%
2020 1 The Weeknd Blinding Lights
56%
2021 3 The Weeknd Blinding Lights
56%
1967 35 Van Morrison Brown Eyed Girl
56%
1973 2 Jim Croce Bad, Bad Leroy Brown
50%
2006 1 Daniel Powter Bad Day
50%
1992 2 Sir Mix-a-Lot Baby Got Back
44%
1988 41 Bon Jovi Bad Medicine
44%
2005 7 Green Day Boulevard of Broken Dreams
44%
1984 27 Matthew Wilder Break My Stride
44%
2003 10 Evanescence ft. Paul McCoy Bring Me to Life
44%
1971 16 The Rolling Stones Brown Sugar
44%
1978 7 Player Baby Come Back
38%
1990 10 Jon Bon Jovi Blaze of Glory
38%
1969 9 The Foundations Build Me Up Buttercup
38%
1980 20 Styx Babe
31%
1989 9 Will to Power Baby, I Love Your Way/Freebird Medley
31%
1979 2 Donna Summer Bad Girl
31%
2019 4 Billie Eilish Bad Guy
31%
2010 8 Lady Gaga Bad Romance
31%
2025 5 Billie Eilish Birds of a Feather
31%
2011 18 Lady Gaga Born This Way
31%
2001 29 Crazy Town Butterfly
31%
1997 15 Meredith Brooks B****
25%
2024 3 Benson Boone Beautiful Things
25%
1985 59 Tina Turner Better Be Good to Me
25%
2015 7 Taylor Swift Blank Space
25%
2008 2 Leona Lewis Bleeding Love
25%
2009 1 The Black Eyed Peas Boom Boom Pow
25%
1972 8 Mac Davis Baby, Don't Get Hooked on Me
19%
2022 7 Latto Big Energy
19%
1982 62 Elton John Blue Eyes
19%
1963 5 Bobby Vinton Blue Velvet
19%
1962 15 Neil Sedaka Breaking Up Is Hard to Do
19%
2000 1 Faith Hill Breathe
19%
1965 37 The Supremes Back in My Arms Again
13%
2017 6 Migos ft. Lil Uzi Vert Bad and Boujee
13%
1996 3 Celine Dion Because You Loved Me
13%
1975 4 Freddy Fender Before the Next Teardrop Falls
13%
1974 9 Elton John Bennie and the Jets
13%
1977 3 The Emotions Best of My Love
13%
2018 13 Post Malone Better Now
13%
2007 4 Fergie Big Girls Don't Cry
13%
2014 26 Iggy Azalea ft. Rita Ora Black Widow
13%
1995 18 Shaggy Boombastic
13%
1966 23 Sandy Posey Born a Woman
13%
2012 28 Justin Beiber Boyfriend
13%
2023 20 PinkPantheress and Ice Spice Boys a Liar Pt. 2
13%
1964 26 The Newbeats Bread and Butter
13%
1961 22 The Dovells Bristol Stomp
13%
2016 34 DRAM ft. Lil Yachty Broccoli
13%
1959 51 Sarah Vaughan Broken Hearted Melody
13%
1993 40 Shai Baby I'm Yours
6%
1998 19 Puff Daddy & the Family ft. The Notorious B.I.G. and Mase Been Around the World
6%
1958 13 The Everly Brothers Bird Dog
6%
2002 10 Puddle of Mudd Blurry
6%
1994 7 Toni Braxton Breathe Again
6%
2004 2 Usher Burn
6%
No matching quizzes found
Score Distribution
Percent of People with Each Score
Percentile by Number Answered
Your Score History
You have not taken this quiz since the last reset